Alternative to futility.

Bibliographic Details
Main Author: Trueblood, Elton, 1900-1994
Format: Book
Language:English
Published: New York : Harper, [1948]
Edition:[1st ed.].
Subjects:

MARC

Tag First Indicator Second Indicator Subfields
LEADER 00000cam a2200000 4500
001 in00000058848
005 20151008051002.0
008 751028s1948 nyu 00000 engm
010 |a  48005318  
035 |a (OCoLC)01740180 
035 |9 AAG4778AM 
040 |a DLC  |c BUF  |d OCL  |d TXA  |d UtOrBLW 
049 |a TXAM  |c [167418] 
050 0 0 |a BR481  |b .T74 
082 0 |a 248 
092 |a 248  |b T866a 
100 1 |a Trueblood, Elton,  |d 1900-1994. 
245 1 0 |a Alternative to futility. 
250 |a [1st ed.]. 
264 1 |a New York :  |b Harper,  |c [1948] 
300 |a 124 pages ;  |c 20 cm. 
336 |a text  |b txt  |2 rdacontent 
337 |a unmediated  |b n  |2 rdamedia 
338 |a volume  |b nc  |2 rdacarrier 
500 |a Prepared as the 1948 Scarbrough lectures delivered at Austin Presbyterian Thelogical Seminary, Austin, Tex. 
650 0 |a Christianity  |y 20th century. 
650 0 |a Reconstruction (1939-1951)  |x Religious aspects. 
999 |a MARS 
999 f f |s 091d454b-b7a6-3b2a-8158-91e70bca078e  |i 26bfc00f-41c7-3cfe-94b9-b63a185bd40d  |t 0 
952 f f |p ric  |a Texas A&M University  |b Rellis Campus  |c Joint Library Facility  |d Remote Storage  |t 0  |e BR481 .T74  |h Library of Congress classification  |i unmediated -- volume  |m A14800611468 
998 f f |a BR481 .T74  |t 0  |l Remote Storage